Tesis La tortura como presupuesto para la violación de derechos humanos (Registro nro. 56083)
[ vista simple ]
| 000 -CABECERA | |
|---|---|
| Campo de control interno | nam a22 7a 4500 |
| 005 - FECHA Y HORA DE LA CATALOGACION | |
| Campo de control | 20200903174601.0 |
| 008 - ELEMENTOS DE LONGITUD FIJA - INFORMACION | |
| Elementos de Longitud Fija - Informaci | 200903b xxu||||| |||| 00| 0 eng d |
| 040 ## - ORIGEN DE LA CATALOGACION | |
| Origen de la Catalogación | ANE |
| 041 ## - CODIGO DE LENGUAJE | |
| Código de lenguaje del texto | Es |
| 100 ## - AUTOR PERSONAL | |
| Autor Personal | Varela Ramìrez,Francisco Enrique |
| 245 ## - TÍTULO GENERAL | |
| Título | Tesis La tortura como presupuesto para la violación de derechos humanos |
| 260 ## - EDITORIAL | |
| Fecha | 2009 |
| 300 ## - DESCRIPCION | |
| Número de páginas | 434 p. |
| 856 ## - URL - Ubicaci | |
| URI/URL | http://documentacion.asambleanacional.gob.ec/alfresco/d/d/workspace/SpacesStore/b476ae7f-63f8-4dd5-88bc-95dea8055990/Tesis%20La%20tortura%20como%20presupuesto%20para%20la%20violaci%c3%b3n%20de%20derechos%20humanos.pdf |
| 942 ## - ELEMENTOS DE KOHA | |
| Esquema de Clasificaci | |
| Tipo de Documento | Biblioteca Virtual |
| Catalogador | Nr. |
| Withdrawn status | Lost status | Fuente de Clasificaci | Damaged status | Not for loan | Ubicaci | Biblioteca | Fecha de Adquisición | Vía de adquisición | Signatura Topogr | Código de barras | Date last seen | Price effective from | Tipo de Item |
|---|---|---|---|---|---|---|---|---|---|---|---|---|---|
| Biblioteca Asamblea Nacional | Biblioteca Asamblea Nacional | 2020-09-03 | Donación | TESIS | 38098 | 2020-09-03 | 2020-09-03 | Biblioteca Virtual |